Jan Kazimierz w Głogówku

Titel: Jan Kazimierz w Głogówku
Verfasser:
In: Ziemia Prudnicka, (2005), Seite 132-135
alle Artikel anzeigen
Veröffentlicht: 2005
Format: Aufsatz
Sprache: Polnisch
Schlagworte:
Kein Bild verfügbar
X
alg: 39450482
001A    $01999:12-11-16 
001B    $03025:04-04-24 $t07:44:42.000 
001D    $01999:12-11-16 
001U    $0utf8 
001X    $00 
002@    $0Aox 
003@    $0394504828 
007A    $0394504828 $aHEB 
007T    $0Herdww028764 
010@    $apol 
011@    $a2005 
021A    $aJan Kazimierz w Głogówku 
027A    $aJan Kazimierz in Oberglogau 
028A    $aWeigt $dGrzegorz 
031A    $h132-135 $j2005 
039B    $aIn $8--Abvc--. Ziemia Prudnicka. - Prudnik : Spółka Wydawn. "Aneks", 2002-. - ISSN 1642-977X $x200500000000000868 $9112106501 
044K    $RZygmunt $RKonstancja $RKarol Ferdynand $RLudwika Maria $#Johann Kasimir  II. $#Waza, Jan Kazimierz $#Johannes Kasimir  II. $#Johannes Casimir  II. $#Johann Casimir  II. $#Joannes Casimirus  II. $#Johannes Casimirus  II. $#Johannes Casimirus  II. $#Giovanni Casimiro  II. $#Jean Casimir  $#Johann  II. $#Wasa, Johann II. Kasimir $#Vaza, Jonas Kazimieras $#Jonas Kazimieras Vaza $#Jan Kazimierz  II. $7119389118 $8$PJan Kazimierz$nII.$lPolen, König$Z1609-1672 [Tp1] $9087728907 
044K    $ROberglogau $#Oberglogau $75057306-8 $8Głogówek [Tg1] $9044719264 
045F    $a929.094385 $eDDC23BSB 
045F/01 $a929 
045F/03 $g4385 
045T    $a7,41 
046C    $aJan Kazimierz in Oberglogau $bÜbers. des Hauptsacht. 

lok: 39450482 78

exp: 39450482 78 1 #EPN
201B/01 $024-04-24 $t13:15:31.000 
201U/01 $0utf8 
203@/01 $079061524X 
208@/01 $a12-11-16 $be 
209A/01 $a/ $f000 $x00 
220C/01 $aTitelaufnehmer: EV 
220C/01 $aHerkunft: IH UWr 
244Z/01 $2Trx $#Silesia $#Śląsk $#Sliezsko $#Slezsko $8--Trx--Schlesien $x01 $9391173987 
244Z/01 $#Oberglogau $75057306-8 $8--Tg1--Głogówek $x02 $9044719264 
244Z/01 $aGeschichte 1655-2005 $x03 
244Z/01 $#Johann Kasimir  II. $#Waza, Jan Kazimierz $#Johannes Kasimir  II. $#Johannes Casimir  II. $#Johann Casimir  II. $#Joannes Casimirus  II. $#Johannes Casimirus  II. $#Johannes Casimirus  II. $#Giovanni Casimiro  II. $#Jean Casimir  $#Johann  II. $#Wasa, Johann II. Kasimir $#Vaza, Jonas Kazimieras $#Jonas Kazimieras Vaza $#Jan Kazimierz  II. $7119389118 $8--Tp1--$PJan Kazimierz$nII.$lPolen, König$Z1609-1672 $x04 $9087728907 
244Z/01 $2Trx $#kuningad $#karaliai $#karalis $#Kings $#királyok $#królowie $#králi $#králové $8--Trx--Könige $x05 $9391362828 
244Z/01 $2Trx $8--Trx--Zeitschriftenaufsatz $x06 $9391384341 
245Z/01 $a12.03 $x01 
247C/01 $82080>Marburg/Lahn, Herder-Institut, Forschungsbibliothek, Bibliographieportal $9336309341
LEADER 00000caa a22000002c 4500
001 394504828
003 DE-603
005 20240404074442.0
007 tu
008 161112s2005 xx |||| | u00||u|pol c
035 |a (DE-599)HEB394504828 
040 |a DE-603  |b ger  |c DE-603  |d DE-603 
041 |a pol 
082 0 4 |8 1\u  |a 929.094385  |q DE-101  |2 23/BSB 
084 |a 7,41  |2 ssgn 
085 |8 1\u  |b 929 
085 |8 1\u  |z 2  |s 4385 
100 1 |a Weigt, Grzegorz 
245 0 0 |a Jan Kazimierz w Głogówku 
246 1 |i Übers. des Hauptsacht.  |a Jan Kazimierz in Oberglogau 
246 1 3 |a Jan Kazimierz in Oberglogau 
264 0 |c 2005 
600 0 7 |a Jan Kazimierz  |b II.  |c Polen, König  |d 1609-1672  |0 (DE-588)119389118  |0 (DE-603)087728907  |2 gnd 
651 7 |a Głogówek  |0 (DE-588)5057306-8  |0 (DE-603)044719264  |2 gnd 
773 0 8 |i In  |t Ziemia Prudnicka  |d Prudnik : Spółka Wydawn. "Aneks", 2002-  |x 1642-977X  |g (2005), Seite 132-135  |w (DE-603)112106501  |w (DE-600)2111590-4 
924 0 |9 2080  |a (DE-603)79061524X  |b DE-2080  |c HES  |d d  |g /